| 000 | 00908 a2200229 4500 | ||
|---|---|---|---|
| 020 | _a0132225522 | ||
| 020 | _a9780132225526 | ||
| 040 |
_aDLC _bDLC |
||
| 082 | 0 | 0 | _a621.382 |
| 100 | 1 | _aAndrews, Jeffrey G. | |
| 245 | 1 | 0 |
_aFundamentals of WiMAX: understanding broadband wireless networking _bunderstanding broadband wireless networking _cJeffrey G. Andrews, Arunabha Ghosh, Rias Muhamed. |
| 260 |
_aUpper Saddle River, NJ : _bPrentice Hall, _cc2007. |
||
| 300 |
_axxvii, 449 p. : _bill. ; _c25 cm. |
||
| 440 | 0 | _aPrentice Hall communications engineering and emerging technologies series | |
| 650 | 0 | _aWireless communication systems. | |
| 650 | 0 | _aBroadband communication systems. | |
| 650 | 0 | _aIEEE 802.16 (Standard) | |
| 700 | 1 | _aGhosh, Arunabha, | |
| 700 | 1 | _aMuhamed, Rias. | |
| 856 | 4 | 1 |
_3Table of contents only _uhttp://www.loc.gov/catdir/toc/ecip075/2006038505.html |
| 942 |
_cBK _k621.382 AND _2ddc |
||
| 999 |
_c6274 _d6274 |
||